Southville International School and Colleges
Your cart is empty.
  • Cart
  • Lists
    Public lists Eva Luna New books Lux_list list_1
    Your lists Log in to create your own lists
  • Log in to your account
  • Your cookies
  • Search history
Southville International School and Colleges
  • Advanced search
  • Recent comments
  • Most popular
  • Libraries

Log in to your account

Log in with GOOGLE


If you do not have an external account, but do have a local account, you can still log in:

  1. Home
  2. MARC view: Better Homes and Gardens
Normal view MARC view ISBD view

Better Homes and Gardens (Record no. 6927)

[ view plain ]
MARC details
000 -LEADER
fixed length control field 00684nam a22002417a 4500
003 - CONTROL NUMBER IDENTIFIER
control field OSt
005 - DATE AND TIME OF LATEST TRANSACTION
control field 20140310181919.0
008 - FIXED-LENGTH DATA ELEMENTS--GENERAL INFORMATION
fixed length control field 130718t xxu||||| |||| 00| 0 eng d
020 ## - INTERNATIONAL STANDARD BOOK NUMBER
International Standard Book Number 0696000695
050 ## - LIBRARY OF CONGRESS CALL NUMBER
Classification number RJ 61
Item number .K37 1998
082 ## - DEWEY DECIMAL CLASSIFICATION NUMBER
Classification number TR 649.12205
Item number K43 1998
100 ## - MAIN ENTRY--PERSONAL NAME
Personal name Keough, Carol
9 (RLIN) 1472
245 ## - TITLE STATEMENT
Title Better Homes and Gardens
Remainder of title New baby book
Statement of responsibility, etc Keough, Carol
260 ## - PUBLICATION, DISTRIBUTION, ETC. (IMPRINT)
Place of publication, distribution, etc Des Moines, Iowa :
Name of publisher, distributor, etc Meredith Books,
Date of publication, distribution, etc c1998.
300 ## - PHYSICAL DESCRIPTION
Extent 271 p. ;
Dimensions 25 cm.
521 ## - TARGET AUDIENCE NOTE
Target audience note
541 ## - IMMEDIATE SOURCE OF ACQUISITION NOTE
-- 1
562 ## - COPY AND VERSION IDENTIFICATION NOTE
Number of copies 1
650 ## - SUBJECT ADDED ENTRY--TOPICAL TERM
Source of heading or term Infants--Care--Periodicals.
650 ## - SUBJECT ADDED ENTRY--TOPICAL TERM
Source of heading or term Child care--Periodicals.
650 ## - SUBJECT ADDED ENTRY--TOPICAL TERM
Source of heading or term Pregnancy--Periodicals
942 ## - ADDED ENTRY ELEMENTS (KOHA)
Source of classification or shelving scheme Library of Congress Classification
Koha item type
Call number prefix
Holdings
Withdrawn status Lost status Source of classification or shelving scheme Damaged status Home library Current library Shelving location Date acquired Total Checkouts Full call number Barcode Date last seen Copy number Price effective from Koha item type
    Library of Congress Classification   Luxembourg Library Luxembourg Library Teachers Reference Section 07/18/2013   RJ 61 .K37 1998 16144 08/13/2013 1 07/18/2013 Books

Better Homes and Gardens

APA

Keough C., . (1998). Better Homes and Gardens. Des Moines, Iowa: Meredith Books.

Chicago

Keough Carol, . 1998. Better Homes and Gardens. Des Moines, Iowa: Meredith Books.

Harvard

Keough C., . (1998). Better Homes and Gardens. Des Moines, Iowa: Meredith Books.

MLA

Keough Carol, . Better Homes and Gardens. Des Moines, Iowa: Meredith Books. 1998.

  • Place hold
  • Print
  • Cite
  • Add to your cart (remove)
  • Save record
    BIBTEX Dublin Core MARCXML MARC (non-Unicode/MARC-8) MARC (Unicode/UTF-8) MARC (Unicode/UTF-8, Standard) MODS (XML) RIS
  • More searches
    Search for this title in:
    Other Libraries (WorldCat) Other Databases (Google Scholar) Online Stores (Bookfinder.com) Open Library (openlibrary.org)

Exporting to Dublin Core...

SOUTHVILLE LIBRARY

Southville International School and Colleges Library

1281 Tropical Ave. Cor. Luxembourg St., BF Homes International, Las Pinas City

Tel. No. 8256374 / 252358 Loc. 117/146

Powered by Koha